The French impressionists (1860-1900) / (Record no. 101046)
[ view plain ]
| 000 -LEADER | |
|---|---|
| campo de control de longitud fija | 00594nam a2200193 i 4500 |
| 001 - NÚMERO DE CONTROL | |
| campo de control | 101046 |
| 003 - IDENTIFICADOR DE NÚMERO DE CONTROL | |
| campo de control | ES-MaACL |
| 005 - FECHA Y HORA DE LA ÚLTIMA TRANSACCIÓN | |
| campo de control | 20250828063250.0 |
| 007 - CAMPO FIJO DE DESCRIPCIÓN FÍSICA--INFORMACIÓN GENERAL | |
| campo de control de longitud fija | t| |
| 008 - DATOS DE LONGITUD FIJA--INFORMACIÓN GENERAL | |
| campo de control de longitud fija | 051011s1903 xxk ||||1| eng d |
| 100 1# - ENTRADA PRINCIPAL--NOMBRE DE PERSONA | |
| Nombre de persona | Mauclair, Camille, |
| Fechas asociadas al nombre | 1872-1945 |
| 9 (RLIN) | 79178 |
| 245 14 - MENCIÓN DEL TÍTULO | |
| Título | The French impressionists (1860-1900) / |
| Mención de responsabilidad, etc. | Camille Mauclair. |
| 260 ## - PUBLICACIÓN, DISTRIBUCIÓN, ETC. | |
| Lugar de publicación, distribución, etc. | London : |
| Nombre del editor, distribuidor, etc. | Duckworth, |
| Fecha de publicación, distribución, etc. | 1903. |
| 300 ## - DESCRIPCIÓN FÍSICA | |
| Extensión | XIX, 211 p. : |
| Otras características físicas | il. ; |
| Dimensiones | 15 cm. |
| 650 #4 - PUNTO DE ACCESO ADICIONAL DE MATERIA--TÉRMINO DE MATERIA | |
| Término de materia o nombre geográfico como elemento de entrada | Impresionismo (Arte)- |
| Subdivisión geográfica | Francia. |
| 9 (RLIN) | 165160 |
| 650 #4 - PUNTO DE ACCESO ADICIONAL DE MATERIA--TÉRMINO DE MATERIA | |
| Término de materia o nombre geográfico como elemento de entrada | Pintura francesa- |
| Subdivisión cronológica | S.XIX. |
| 9 (RLIN) | 156487 |
| 852 ## - LOCALIZACIÓN | |
| Ubicación | ES-MaACL |
| Número de control de estantería | F-475 |
| Estatus retirado | Estado de pérdida | Estado de daño | No para préstamo | Biblioteca de origen | Biblioteca actual | Ubicación en estantería | Fecha de adquisición | Fuente de adquisición | Total de préstamos | Signatura topográfica completa | Código de barras | Visto por última vez | Precio de reemplazo | Tipo de ítem Koha |
|---|---|---|---|---|---|---|---|---|---|---|---|---|---|---|
| Biblioteca del Ateneo de Madrid | Biblioteca del Ateneo de Madrid | Depósito 2 | 17/01/2008 | F-475 | 1105499 | 23/02/2023 | 23/02/2023 | Libro impreso |
